[Event "ESP-ch U14"]
[Site "Salobrena"]
[Date "2022.07.18"]
[Round "1"]
[White "Uber Gracia, Hugo"]
[Black "Fonteboa Lopez, Samuel"]
[Result "1-0"]
[WhiteElo "1952"]
[BlackElo "1463"]
[PlyCount "91"]
[EventDate "2022.07.18"]
[EventType "swiss"]
[EventRounds "9"]
[EventCountry "ESP"]
[SourceTitle "EXT 2023"]
[Source "ChessBase"]
[SourceDate "2022.10.05"]
[SourceVersion "1"]
[SourceVersionDate "2022.10.05"]
[SourceQuality "1"]

1. e4 e6 2. d3 d5 3. Nd2 Nf6 4. Ngf3 dxe4 5. dxe4 Bb4 6. c3 Ba5 7. Qa4+ c6 8. Be2 0-0 9. 0-0 Bb6 10. e5 Nd5 11. Ne4 Nd7 12. Bg5 f6 13. exf6 gxf6 14. Bh6 Kh8 15. Bxf8 Qxf8 16. Kh1 Qg7 17. Qc2 Nf4 18. Ng3 e5 19. Nh4 Nf8 20. Bf3 Bg4 21. Nhf5 Qg6 22. Bxg4 Qxg4 23. Ne3 Qg5 24. Qf5 h6 25. Ne4 Qxf5 26. Nxf5 Nh7 27. Nxh6 Kg7 28. Nf5+ Kg6 29. Nh4+ Kh5 30. g3 Nd3 31. Rad1 Rd8 32. Kg2 Rd5 33. b4 a5 34. a3 axb4 35. axb4 Bd8 36. Nf5 Ng5 37. Nxg5 Kxg5 38. Ne3 Rd7 39. Nc4 e4 40. Nb2 f5 41. Nxd3 exd3 42. f4+ Kg6 43. Rf3 d2 44. Kf1 Bb6 45. Ke2 Bg1 46. Rxg1 1-0